000 01154nam0a2200325 4500
001 RU\NLR\BIBL_A\011773690
005 20180920115225.0
010 _a978-5-17-109101-9
_95000
021 _aRU
_bКН-П-18-053308
_9КН-П-18-3841
035 _a(NLR Aleph) 011773690
035 _a(RuMoRGB)009693755
090 _a11739980
_c11739980
100 _a20180821d2018 u y0rusy50 ca
101 1 _arus
_ceng
102 _aRU
105 _ay|||z|||000ay
200 1 _aФранческа, строптивая невеста
_e[роман]
_fБертрис Смолл
_g[перевод с английского Т. А. Осиной]
210 _aМосква
_cАСТ
_d2018
215 _a382, [1] с.
_d17
225 1 _aСерия "Мини-Очарование: лучшее"
225 1 _aОчарование
_eлучшее
333 _a16+
686 1 _aШ6(7США)67-440.4{Лх1979-50}
700 1 _aСмолл
_bБ.
_f1937-2015
_gБертрис
_3RU\NLR\AUTH\77816
_4070
942 _cBOOK
980 _aNBR
980 _aNB